All Beach Bunny Songs (updated Sep 2025) - Statistics

General Stats
  • This quiz has been taken 49 times
    25 since last reset
  • The average score is 37 of 58
Answer Stats
Hint Answer % Correct
Cloud 9
100%
Cloud 9 (feat. Tegan and Sara)
100%
Prom Queen
100%
Tunnel Vision
94%
Oxygen
88%
Painkiller
88%
Big Pink Bubble
81%
Chasm
81%
Sports
81%
6 Weeks
75%
6 Weeks
75%
April
75%
Good Girls (Don't Get Used)
75%
Blame Game
69%
Dream Boy
69%
All Songs July
69%
Adulting
63%
Clueless
63%
Cycles
63%
Entropy
63%
Infinity Room
63%
Just Around the Corner
63%
Love Song
63%
Pixie Cut
63%
Vertigo
63%
Weeds
63%
Year of the Optimist
63%
Boys
56%
Colorblind
56%
February
56%
Fire Escape
56%
Goodbye Summer :(
56%
Gravity
56%
Karaoke
56%
Mr. Predictable
56%
Ms. California
56%
Nice Guys
56%
Oozin
56%
Promises
56%
Racetrack
56%
Rearview
56%
Shoegazer
56%
Violence
56%
Waves
56%
Beloved (with Hank Heaven)
50%
Call Me Baby
50%
Christmas Caller
50%
Cuffing Season
50%
Deadweight
50%
Eventually
50%
Ghost
50%
Greetings from California
50%
I Love You But I Love Me More (with MARINA)
50%
Intro
50%
Love Sick
50%
Scream
50%
Deja Vu
44%
Gone
44%
No matching quizzes found
Score Distribution
Percent of People with Each Score
Percentile by Number Answered
Your Score History
You have not taken this quiz since the last reset